[Event "14. Open de la Constitución 2013"]
[Site "San Sebastian de los Reyes ES"]
[Date "2013.12.02"]
[Round "3.26"]
[White "Brasa Olmos, Joaquin"]
[Black "Guillo Sanchez-Galiano, Ernesto"]
[Result "1-0"]
[WhiteElo "1551"]
[BlackElo "1209"]
[PlyCount "69"]
[EventDate "2013.11.30"]
[EventType "swiss"]
[EventRounds "9"]
[EventCountry "ESP"]
[Source "lmi"]
[SourceDate "2013.11.30"]

1. c4 Nf6 2. Nf3 g6 3. Nc3 Bg7 4. d4 O-O 5. e3 d6 6. Be2 Nbd7 7. b3 b6 8. Bb2
Bb7 9. Qc2 Re8 10. O-O-O Ng4 11. Rdf1 Ngf6 12. Ne1 c5 13. d5 e6 14. e4 a6 15.
g4 h6 16. h4 exd5 17. exd5 Ne5 18. g5 Nfd7 19. f4 Nxc4 20. bxc4 Bc8 21. h5 Kh7
22. hxg6+ fxg6 23. Rxh6+ Bxh6 24. Rh1 Nf8 25. Rxh6+ Kg8 26. Ne4 Kf7 27. Bf6 Qc7
28. Ng3 Bd7 29. f5 Rxe2 30. fxg6+ Ke8 31. Qxe2+ Be6 32. g7 Kf7 33. Qh5+ Ng6 34.
Qxg6+ Kg8 35. Rh8# 1-0

[Event "14. Open de la Constitución 2013"]
[Site "San Sebastian de los Reyes ES"]
[Date "2013.12.02"]
[Round "3.27"]
[White "Garcia Lopez, Fernando"]
[Black "Reyes Peñas, Sebastian"]
[Result "1-0"]
[WhiteElo "1626"]
[BlackElo "1372"]
[PlyCount "111"]
[EventDate "2013.11.30"]
[EventType "swiss"]
[EventRounds "9"]
[EventCountry "ESP"]
[Source "lmi"]
[SourceDate "2013.11.30"]

1. e4 c5 2. Nf3 e6 3. d4 cxd4 4. Nxd4 a6 5. f4 Qc7 6. Be2 d6 7. Nc3 Nf6 8. O-O
Be7 9. Kh1 O-O 10. f5 Nc6 11. Bg5 h6 12. Bh4 b6 13. Bc4 Nxd4 14. Qxd4 Qc5 15.
Qxc5 dxc5 16. a4 exf5 17. exf5 Bb7 18. Rfe1 Rfe8 19. Kg1 Rad8 20. Rad1 Rxd1 21.
Rxd1 Ng4 22. Bxe7 Rxe7 23. Rd8+ Kh7 24. Ne2 Ne3 25. Bd3 f6 26. Nf4 Ng4 27. Ng6
Re1+ 28. Bf1 Rxf1+ 29. Kxf1 Ne3+ 30. Kf2 Nxf5 31. Nf8+ Kg8 32. Ne6+ Kh7 33. b3
Be4 34. Rd2 Nh4 35. g3 Nf3 36. Re2 Bd5 37. Nc7 Bb7 38. h4 Nd4 39. Rd2 Nf3 40.
Rd7 Nd4 41. Ne6 Be4 42. Nxd4 cxd4 43. Rxd4 Bxc2 44. Rb4 Kg8 45. Rxb6 Kf7 46. a5
Ke8 47. b4 Bd3 48. b5 axb5 49. a6 b4 50. a7 Be4 51. Rxb4 Kd7 52. Rxe4 Kd6 53.
a8=Q Kc7 54. Rc4+ Kb6 55. Qb8+ Ka5 56. Rb4 1-0

[Event "14. Open de la Constitución 2013"]
[Site "San Sebastian de los Reyes ES"]
[Date "2013.12.02"]
[Round "3.29"]
[White "Gomez Escurin, Jose Manuel"]
[Black "Infante Martin, Alonso"]
[Result "0-1"]
[WhiteElo "1301"]
[BlackElo "1498"]
[PlyCount "120"]
[EventDate "2013.11.30"]
[EventType "swiss"]
[EventRounds "9"]
[EventCountry "ESP"]
[Source "lmi"]
[SourceDate "2013.11.30"]

1. b3 d5 2. Bb2 e6 3. e3 Nf6 4. f4 Nbd7 5. Nf3 Bd6 6. d4 Ne4 7. Qe2 c6 8. Nbd2
Ndf6 9. a3 b5 10. b4 a6 11. Qd3 Bb7 12. Ng5 Nxg5 13. fxg5 Ne4 14. Nxe4 dxe4 15.
Qxe4 Qxg5 16. Be2 Qd5 17. Qxd5 exd5 18. O-O O-O 19. Rf2 Rae8 20. Bc1 f5 21. g3
Bc8 22. Bd2 Be7 23. Rf3 g6 24. Raf1 Bf6 25. c3 Kg7 26. Kg2 Bd8 27. h4 h6 28.
Bd3 Rf7 29. g4 Bxh4 30. gxf5 Ref8 31. fxg6 Rxf3 32. Rxf3 Rxf3 33. Kxf3 Bg5 34.
Be1 Bd7 35. e4 Be8 36. exd5 cxd5 37. Bg3 Bxg6 38. Be5+ Kf7 39. Bxg6+ Kxg6 40.
Kg4 Bc1 41. Bd6 Bxa3 42. Bc7 Bb2 43. Kf4 Kf6 44. Be5+ Ke6 45. Kg4 Bxc3 46. Kh5
Bd2 47. Kg6 Bxb4 48. Kxh6 Kf5 49. Kh5 Bc3 50. Kh4 b4 51. Bd6 b3 52. Ba3 b2 53.
Bxb2 Bxb2 54. Kg3 Ke4 55. Kf2 Kxd4 56. Ke2 Kc3 57. Kd1 d4 58. Ke2 d3+ 59. Kd1
d2 60. Ke2 Kc2 0-1

[Event "14. Open de la Constitución 2013"]
[Site "San Sebastian de los Reyes ES"]
[Date "2013.12.03"]
[Round "4.2"]
[White "Quevedo Marin, Manuel"]
[Black "Adan Bermudez, Sergio"]
[Result "1-0"]
[WhiteElo "2167"]
[BlackElo "2312"]
[PlyCount "125"]
[EventDate "2013.11.30"]
[EventType "swiss"]
[EventRounds "9"]
[EventCountry "ESP"]
[Source "lmi"]
[SourceDate "2013.11.30"]

1. d4 d6 2. c4 e5 3. d5 Nf6 4. Nc3 Nbd7 5. e4 Nc5 6. f3 a5 7. Be3 c6 8. g4 Be7
9. Nh3 h5 10. Nf2 hxg4 11. fxg4 Rh4 12. h3 cxd5 13. cxd5 Nh7 14. Qd2 Bg5 15.
Nb5 Bxe3 16. Qxe3 a4 17. Rc1 b6 18. g5 Nxg5 19. Nxd6+ Kf8 20. Rg1 Rf4 21. Be2
Qxd6 22. Rxg5 Qf6 23. Rg2 Qh4 24. Rxc5 bxc5 25. Qxc5+ Kg8 26. Qc6 Bb7 27. Qxb7
Qd8 28. Qb4 Rb8 29. Qc3 f6 30. Bc4 Qb6 31. b3 Qc5 32. Ke2 Kh8 33. Qg3 g5 34. h4
axb3 35. axb3 Rxh4 36. Rh2 Rxh2 37. Qxh2+ Kg7 38. Qh3 Qd6 39. Ng4 Rh8 40. Ne3
Qd8 41. Nf5+ Kg6 42. Ne7+ Kg7 43. Qe6 Rh2+ 44. Kf3 Qh8 45. Nf5+ Kg6 46. Ng3 Rh4
47. d6 Rf4+ 48. Ke3 g4 49. Qf7+ Kg5 50. Qg8+ Qxg8 51. Bxg8 Rf3+ 52. Ke2 Rxg3
53. d7 Rg2+ 54. Ke3 Rg3+ 55. Kd2 Rg2+ 56. Kc3 g3 57. d8=Q Rf2 58. Be6 g2 59.
Qg8+ Kf4 60. Qg4+ Ke3 61. b4 f5 62. Bxf5 Rf1 63. Qg3+ 1-0

[Event "14. Open de la Constitución 2013"]
[Site "San Sebastian de los Reyes ES"]
[Date "2013.12.03"]
[Round "4.3"]
[White "Roa Alonso, Santiago"]
[Black "Castejon Caballero, Andres"]
[Result "1-0"]
[WhiteElo "2401"]
[BlackElo "2121"]
[PlyCount "61"]
[EventDate "2013.11.30"]
[EventType "swiss"]
[EventRounds "9"]
[EventCountry "ESP"]
[Source "lmi"]
[SourceDate "2013.11.30"]

1. d4 Nf6 2. c4 g6 3. Nc3 d5 4. Bf4 Bg7 5. e3 c5 6. dxc5 Qa5 7. Rc1 Qxc5 8.
cxd5 O-O 9. Nf3 Qb4 10. Qd2 Rd8 11. a3 Qa5 12. e4 e6 13. Nb5 Qxd2+ 14. Nxd2 Na6
15. d6 Nh5 16. Bg5 f6 17. Be3 f5 18. Bg5 Bxb2 19. Rc2 Bf6 20. Bxf6 Nxf6 21. e5
Ng4 22. Nf3 Bd7 23. h3 Nh6 24. Nfd4 Rac8 25. Nc7 Nxc7 26. dxc7 Re8 27. Bb5 Bxb5
28. Nxb5 Re7 29. Ke2 a6 30. Rd1 axb5 31. Rd8+ 1-0

[Event "14. Open de la Constitución 2013"]
[Site "San Sebastian de los Reyes ES"]
[Date "2013.12.03"]
[Round "4.4"]
[White "Valles Moreno, Ivan"]
[Black "Alvarez Abejon, Amilcar"]
[Result "1-0"]
[WhiteElo "2373"]
[BlackElo "2081"]
[PlyCount "59"]
[EventDate "2013.11.30"]
[EventType "swiss"]
[EventRounds "9"]
[EventCountry "ESP"]
[Source "lmi"]
[SourceDate "2013.11.30"]

1. e4 e6 2. d4 d5 3. Nc3 dxe4 4. Nxe4 Bd7 5. Nf3 Bc6 6. Bd3 Nd7 7. O-O Ngf6 8.
Ned2 Be7 9. c3 O-O 10. Qe2 Bxf3 11. Nxf3 c5 12. Re1 cxd4 13. Nxd4 Re8 14. Bc2
a6 15. Qf3 Qc7 16. Qh3 Rad8 17. Be3 g6 18. Nf3 Nd5 19. Bh6 N7f6 20. g3 Nd7 21.
Rxe6 fxe6 22. Qxe6+ Kh8 23. Qxd5 Qc6 24. Qf7 Qf6 25. Ng5 Qxf7 26. Nxf7+ Kg8 27.
Nxd8 Bxd8 28. Bb3+ Kh8 29. Rd1 Nc5 30. Bf7 1-0

[Event "14. Open de la Constitución 2013"]
[Site "San Sebastian de los Reyes ES"]
[Date "2013.12.03"]
[Round "4.5"]
[White "Lopez De Turiso, Jose Angel"]
[Black "Alfaya Marcelo, Roberto"]
[Result "1-0"]
[WhiteElo "2123"]
[BlackElo "1893"]
[PlyCount "95"]
[EventDate "2013.11.30"]
[EventType "swiss"]
[EventRounds "9"]
[EventCountry "ESP"]
[Source "lmi"]
[SourceDate "2013.11.30"]

1. d4 Nf6 2. c4 c5 3. Nf3 cxd4 4. Nxd4 Nc6 5. Nc3 e6 6. Ndb5 Bc5 7. Bf4 O-O 8.
Bc7 Qe7 9. Bd6 Bxd6 10. Qxd6 Ne8 11. Qxe7 Nxe7 12. O-O-O d5 13. cxd5 Nxd5 14.
Nxd5 exd5 15. e3 Be6 16. Kb1 a6 17. Nd4 Nd6 18. Bd3 Rac8 19. Rc1 Rxc1+ 20. Rxc1
Rc8 21. Rxc8+ Bxc8 22. Kc2 Kf8 23. Kc3 h6 24. Ne2 Ne4+ 25. Bxe4 dxe4 26. Kd4 b6
27. Ng3 Bb7 28. Nxe4 f5 29. Nd6 Bxg2 30. Nxf5 Bh3 31. Ke5 g6 32. Nd6 Ke7 33. b4
Be6 34. a3 Bg4 35. Nc4 b5 36. Nd6 Be6 37. Nb7 Bd7 38. Nc5 Bc8 39. f4 g5 40.
fxg5 hxg5 41. Ne4 g4 42. Nc5 Kf7 43. Kd6 Kf6 44. e4 Kg5 45. Kc7 Kh4 46. Kxc8
Kh3 47. e5 Kxh2 48. e6 1-0

[Event "14. Open de la Constitución 2013"]
[Site "San Sebastian de los Reyes ES"]
[Date "2013.12.03"]
[Round "4.6"]
[White "Cabañas Bravo, Juan Andres"]
[Black "Dierssen Garcia-Barredo, Guillermo"]
[Result "1-0"]
[WhiteElo "2089"]
[BlackElo "1974"]
[PlyCount "111"]
[EventDate "2013.11.30"]
[EventType "swiss"]
[EventRounds "9"]
[EventCountry "ESP"]
[Source "lmi"]
[SourceDate "2013.11.30"]

1. e4 e6 2. d4 d5 3. Nc3 Nf6 4. Bg5 dxe4 5. Nxe4 Be7 6. Bxf6 Bxf6 7. Nf3 Nd7 8.
c3 O-O 9. Bd3 Be7 10. Qc2 b6 11. h4 Bb7 12. Neg5 g6 13. Bxg6 fxg6 14. Nxe6 Qe8
15. Nxf8 Bxf8+ 16. Qe2 Qxe2+ 17. Kxe2 Re8+ 18. Kd3 Be4+ 19. Ke2 Bd5+ 20. Kd1 c5
21. h5 cxd4 22. hxg6 hxg6 23. Nxd4 Bxg2 24. Rg1 Be4 25. f3 Bd5 26. Rxg6+ Kf7
27. Rg5 Nf6 28. Kc2 Bh6 29. Rf5 Rg8 30. Re1 Rg2+ 31. Re2 Rg1 32. b3 a5 33. c4
Rc1+ 34. Kb2 Rd1 35. Kc3 Bb7 36. Re6 Bg7 37. Rxb6 Bc8 38. Rf4 Kg6 39. Kc2 Rh1
40. Re4 Rh2+ 41. Re2 Bf5+ 42. Kd1 Rh1+ 43. Re1 Rh2 44. Nxf5 Kxf5 45. Re7 Bh6
46. Rb5+ Kf4 47. Rf7 Bg5 48. Rxa5 Rg2 49. Ra6 Ke3 50. Rfxf6 Kd3 51. Rad6+ Kc3
52. Rfe6 Rxa2 53. Re4 Bd2 54. c5 Ra1+ 55. Ke2 Ra2 56. Rd3+ 1-0

[Event "14. Open de la Constitución 2013"]
[Site "San Sebastian de los Reyes ES"]
[Date "2013.12.03"]
[Round "4.7"]
[White "Bustos Serrano, Doroteo"]
[Black "Fernandez Aransay, Fernando"]
[Result "1/2-1/2"]
[WhiteElo "2055"]
[BlackElo "1860"]
[PlyCount "80"]
[EventDate "2013.11.30"]
[EventType "swiss"]
[EventRounds "9"]
[EventCountry "ESP"]
[Source "lmi"]
[SourceDate "2013.11.30"]

1. e4 c5 2. b3 d6 3. Bb2 Nf6 4. Bb5+ Bd7 5. Bxd7+ Qxd7 6. d3 Nc6 7. Nd2 g6 8.
f4 e5 9. fxe5 dxe5 10. Ngf3 Qe7 11. O-O Bg7 12. Nc4 Nd7 13. Ne3 Nf6 14. Nd5
Nxd5 15. exd5 Nd4 16. c3 Nxf3+ 17. Qxf3 O-O 18. Rae1 Qd6 19. Re2 Rae8 20. c4 f5
21. Qg3 f4 22. Qe1 Rf5 23. Re4 Ref8 24. Qe2 Rg5 25. Kh1 Rff5 26. Re1 Rh5 27.
Qf2 Bf6 28. R1e2 Qf8 29. Qf3 Qh6 30. h3 Rfg5 31. Rxf4 exf4 32. Bxf6 Rg3 33.
Re8+ Kf7 34. Qe4 Rhxh3+ 35. Kg1 Rh1+ 36. Kf2 Rf1+ 37. Kxf1 Qh1+ 38. Kf2 Re3 39.
Re7+ Kf8 40. Re8+ Kf7 1/2-1/2

[Event "14. Open de la Constitución 2013"]
[Site "San Sebastian de los Reyes ES"]
[Date "2013.12.03"]
[Round "4.8"]
[White "Baeza Escudero, Javier"]
[Black "Aziz Ortego, Omar Luis"]
[Result "1/2-1/2"]
[WhiteElo "1969"]
[BlackElo "2037"]
[PlyCount "122"]
[EventDate "2013.11.30"]
[EventType "swiss"]
[EventRounds "9"]
[EventCountry "ESP"]
[Source "lmi"]
[SourceDate "2013.11.30"]

1. d4 Nf6 2. c4 g6 3. Nf3 Bg7 4. g3 O-O 5. Bg2 d6 6. O-O Nc6 7. Nc3 e5 8. h3
Ne7 9. d5 Nd7 10. e4 h6 11. Ne1 f5 12. Nd3 Nf6 13. f4 Nxe4 14. Nxe4 fxe4 15.
Bxe4 Bxh3 16. Re1 Qd7 17. fxe5 Bg4 18. e6 Bxd1 19. exd7 Bg4 20. Nf4 Bxd7 21.
Nxg6 Nxg6 22. Bxg6 Bd4+ 23. Be3 Bxb2 24. Rab1 Bc3 25. Rec1 Be5 26. Rxb7 Rf3 27.
Bf2 Raf8 28. Rc2 Bxg3 29. Bxg3 Rxg3+ 30. Rg2 Rxg2+ 31. Kxg2 Rc8 32. Rxa7 Kg7
33. Be4 Kf6 34. Kf3 h5 35. a4 Ke5 36. Ke3 h4 37. a5 h3 38. Rb7 h2 39. Rb1 Ra8
40. Ra1 Rb8 41. Bh1 Rb3+ 42. Kf2 Kf4 43. a6 Rb2+ 44. Ke1 Bc8 45. a7 Bb7 46. Kf1
Ba8 47. Ra3 c6 48. Rf3+ Kg4 49. Rf8 Rb1+ 50. Kg2 Rb2+ 51. Kf1 Rb1+ 52. Kg2 Rb2+
53. Kf1 Bb7 54. a8=Q Bxa8 55. Rxa8 cxd5 56. Bxd5 Rb1+ 57. Ke2 h1=Q 58. Bxh1
Rxh1 59. Rf8 Rh3 60. Rf6 Rc3 61. Rxd6 Rxc4 1/2-1/2

[Event "14. Open de la Constitución 2013"]
[Site "San Sebastian de los Reyes ES"]
[Date "2013.12.03"]
[Round "4.9"]
[White "Castejon Caballero, Natalia"]
[Black "Martinez Montalvo, Eduardo"]
[Result "1-0"]
[WhiteElo "2011"]
[BlackElo "1846"]
[PlyCount "83"]
[EventDate "2013.11.30"]
[EventType "swiss"]
[EventRounds "9"]
[EventCountry "ESP"]
[Source "lmi"]
[SourceDate "2013.11.30"]

1. e4 d5 2. exd5 Nf6 3. Bb5+ Bd7 4. Be2 Nxd5 5. d4 Bf5 6. Nf3 e6 7. O-O Be7 8.
Re1 O-O 9. Bf1 Nc6 10. c3 a6 11. a4 Na7 12. Nbd2 c5 13. Ne4 cxd4 14. Nxd4 Bg6
15. Qf3 Rc8 16. Rd1 Qe8 17. h4 Nc6 18. h5 Nxd4 19. Rxd4 Bxe4 20. Qxe4 Bc5 21.
Rd1 Qc6 22. Bd3 Nf6 23. Qh4 Be7 24. h6 g6 25. Bg5 e5 26. Re1 Qd6 27. Rad1 Nd5
28. Be4 Bxg5 29. Qxg5 Qf6 30. Qxf6 Nxf6 31. Bxb7 Rb8 32. Bxa6 Rxb2 33. Rxe5 Ng4
34. Re2 Rb3 35. c4 Rc3 36. Bb5 Nxh6 37. a5 Ra8 38. Ra2 Ng4 39. a6 Ra7 40. Re2
f6 41. Rd8+ Kf7 42. Rb8 1-0

[Event "14. Open de la Constitución 2013"]
[Site "San Sebastian de los Reyes ES"]
[Date "2013.12.03"]
[Round "4.11"]
[White "Cerrato Torrijos, Javier"]
[Black "Esquivias Gomez, Francisco J"]
[Result "1/2-1/2"]
[WhiteElo "1794"]
[BlackElo "1978"]
[PlyCount "163"]
[EventDate "2013.11.30"]
[EventType "swiss"]
[EventRounds "9"]
[EventCountry "ESP"]
[Source "lmi"]
[SourceDate "2013.11.30"]

1. e4 Nf6 2. e5 Nd5 3. c4 Nb6 4. d4 d6 5. exd6 cxd6 6. Nf3 Bg4 7. Be2 e6 8. Nc3
Be7 9. Be3 O-O 10. b3 a5 11. O-O d5 12. c5 Bxf3 13. Bxf3 N6d7 14. Rc1 Nc6 15.
a4 Rc8 16. Nb5 b6 17. cxb6 Qxb6 18. Qe2 Bf6 19. Rfd1 Ndb8 20. Qd2 Nb4 21. Bf4
N8a6 22. h3 Rfe8 23. Be2 h6 24. Be3 Nc6 25. f4 Nab4 26. Bg4 Ne7 27. Rxc8 Rxc8
28. Rc1 Rxc1+ 29. Qxc1 Qc6 30. Qxc6 Nbxc6 31. Kf2 g6 32. Ke2 h5 33. Bf3 Nf5 34.
Kd3 Nb4+ 35. Kd2 h4 36. Bf2 g5 37. fxg5 Bxg5+ 38. Kc3 Be3 39. Bxe3 Nxe3 40. Nd6
Nc6 41. Nb5 Kg7 42. Kd3 Nf5 43. Bg4 Ng3 44. Ke3 f5 45. Bf3 Kf6 46. Kd3 f4 47.
Nc7 Nb4+ 48. Kc3 Ne4+ 49. Kb2 e5 50. Nb5 Ng5 51. dxe5+ Kxe5 52. Kc3 Ne6 53. Na3
Nc5 54. Nc2 Nxc2 55. Kxc2 Kd4 56. Kb2 Nd3+ 57. Kc2 Nb4+ 58. Kd2 Nc6 59. Bg4 Ne5
60. Bf3 Nd7 61. Kc1 Nc5 62. Kc2 Ne4 63. Be2 Ke3 64. Bf3 Kd4 65. Kb2 Kd3 66. b4
axb4 67. a5 Nc5 68. Bxd5 Kd4 69. Bb7 Nxb7 70. a6 Nc5 71. a7 Na4+ 72. Kb3 Nb6
73. Kxb4 Kd5 74. Kb5 Na8 75. Ka6 Kc6 76. Ka5 Nc7 77. Kb4 Nd5+ 78. Kc4 Ne3+ 79.
Kd3 Kb7 80. Ke2 Nxg2 81. a8=Q+ Kxa8 82. Kf3 1/2-1/2

[Event "14. Open de la Constitución 2013"]
[Site "San Sebastian de los Reyes ES"]
[Date "2013.12.03"]
[Round "4.12"]
[White "Ruiz Sanchez, Roberto"]
[Black "Garcia Martin, Juan Manuel"]
[Result "1-0"]
[WhiteElo "1972"]
[BlackElo "1797"]
[PlyCount "73"]
[EventDate "2013.11.30"]
[EventType "swiss"]
[EventRounds "9"]
[EventCountry "ESP"]
[Source "lmi"]
[SourceDate "2013.11.30"]

1. e4 d5 2. exd5 Nf6 3. d4 Bg4 4. Nf3 Qxd5 5. Be2 Nc6 6. h3 Qh5 7. O-O O-O-O 8.
hxg4 Nxg4 9. Bf4 e6 10. Ng5 f5 11. Nxe6 Bd6 12. Bxg4 fxg4 13. c3 Bxf4 14. Nxf4
Qf5 15. Ne2 Rd6 16. Ng3 Qf4 17. Qd3 Re8 18. Qf5+ Qxf5 19. Nxf5 Rd7 20. Nd2 g6
21. Ng3 h5 22. Rfe1 Rf8 23. Re4 Rdf7 24. f3 gxf3 25. Nxf3 Rf4 26. Rae1 Kd7 27.
Rxf4 Rxf4 28. Ne5+ Nxe5 29. Rxe5 h4 30. Ne4 b6 31. b4 Kc8 32. Nf2 Rf6 33. Nh3
Rc6 34. Re3 Rf6 35. Ng5 Kd7 36. Nf3 Rf4 37. Ne5+ 1-0

[Event "14. Open de la Constitución 2013"]
[Site "San Sebastian de los Reyes ES"]
[Date "2013.12.03"]
[Round "4.13"]
[White "Sacristan Virseda, Fernando"]
[Black "Martinez De Navascues, Francisco"]
[Result "0-1"]
[WhiteElo "1941"]
[BlackElo "1656"]
[PlyCount "109"]
[EventDate "2013.11.30"]
[EventType "swiss"]
[EventRounds "9"]
[EventCountry "ESP"]
[Source "lmi"]
[SourceDate "2013.11.30"]

1. e4 g5 2. d4 h6 3. Bc4 Bg7 4. Ne2 c6 5. Nbc3 e6 6. f4 d5 7. Bd3 dxe4 8. Bxe4
f5 9. Bd3 g4 10. Be3 Ne7 11. Qd2 Nd5 12. Bc4 Nd7 13. O-O-O h5 14. h3 N7f6 15.
hxg4 Nxg4 16. Nxd5 exd5 17. Bd3 h4 18. Ng1 Kf7 19. Nf3 Bf6 20. Bf2 Bd7 21. Rde1
Rh6 22. c3 Qh8 23. Ng5+ Bxg5 24. fxg5 Rh5 25. Qf4 Nxf2 26. Bxf5 Bxf5 27. Qxf5+
Kg8 28. Rhf1 Rf8 29. Qg6+ Qg7 30. Qxh5 Nd3+ 31. Kd2 Nxe1 32. Rxe1 Qh7 33. Qxh7+
Kxh7 34. Re7+ Kg6 35. Ke3 Kxg5 36. Rg7+ Kf5 37. Rxb7 Rg8 38. Kf2 Kg4 39. Rxa7
Rf8+ 40. Kg1 Kg3 41. Rg7+ Kf4 42. a4 Ke3 43. Rg6 Ra8 44. b3 Ra6 45. b4 Kd3 46.
b5 Rxa4 47. Rxc6 Ra1+ 48. Kh2 Rb1 49. b6 Ke4 50. Kh3 Kf4 51. Rf6+ Kg5 52. Rf5+
Kxf5 53. Kxh4 Rxb6 54. g4+ Kg6 55. g5 0-1

[Event "14. Open de la Constitución 2013"]
[Site "San Sebastian de los Reyes ES"]
[Date "2013.12.03"]
[Round "4.14"]
[White "Alvarez Gonzalez, Eduardo"]
[Black "Marcos Herrero, Francisco"]
[Result "0-1"]
[WhiteElo "1805"]
[BlackElo "1939"]
[PlyCount "64"]
[EventDate "2013.11.30"]
[EventType "swiss"]
[EventRounds "9"]
[EventCountry "ESP"]
[Source "lmi"]
[SourceDate "2013.11.30"]

1. d4 Nf6 2. Nf3 c5 3. d5 b5 4. Bg5 d6 5. Bxf6 gxf6 6. e4 Qb6 7. b3 Bg7 8. a4
f5 9. Bxb5+ Bd7 10. Bxd7+ Nxd7 11. Ra2 fxe4 12. Nfd2 Nf6 13. c4 a6 14. a5 Qb7
15. Nc3 Rb8 16. O-O O-O 17. Re1 Bh6 18. Ncb1 e6 19. dxe6 fxe6 20. Qc2 Kf7 21.
Qc3 Rg8 22. Qh3 Rg6 23. Re2 Rbg8 24. g3 Bf4 25. Nc3 e3 26. Nf1 exf2+ 27. Kxf2
Be5 28. Nd1 Ng4+ 29. Ke1 Qb4+ 30. Nd2 Rh6 31. Qf1+ Ke7 32. Qf3 Nxh2 0-1

[Event "14. Open de la Constitución 2013"]
[Site "San Sebastian de los Reyes ES"]
[Date "2013.12.03"]
[Round "4.15"]
[White "Lianes Garcia, Marcos"]
[Black "De La Orden Alcocer, Alejandro"]
[Result "1-0"]
[WhiteElo "1790"]
[BlackElo "1931"]
[PlyCount "145"]
[EventDate "2013.11.30"]
[EventType "swiss"]
[EventRounds "9"]
[EventCountry "ESP"]
[Source "lmi"]
[SourceDate "2013.11.30"]

1. e4 d6 2. d4 Nf6 3. Nc3 Nbd7 4. Be3 e5 5. f3 c6 6. Qd2 b5 7. O-O-O Be7 8. g4
h6 9. Kb1 a5 10. Nge2 b4 11. Na4 Ba6 12. Ng3 Bxf1 13. Rhxf1 g6 14. Qf2 exd4 15.
Bxd4 c5 16. e5 cxd4 17. exf6 Bxf6 18. Ne4 Nc5 19. Naxc5 dxc5 20. Nxc5 a4 21.
Rfe1+ Kf8 22. Qd2 b3 23. cxb3 axb3 24. Nxb3 Qd5 25. Qd3 Kg7 26. Rc1 Rhb8 27. f4
Qd7 28. Nc5 Qxg4 29. Ne4 Qf5 30. Rc5 Qe6 31. Qc4 Qa6 32. Nxf6 Qxf6 33. Rd5 Rd8
34. Rf1 Rxd5 35. Qxd5 Rd8 36. Qe5 d3 37. b3 Qxe5 38. fxe5 Kf8 39. a4 Ke7 40.
Kb2 Ke6 41. Kc3 Kxe5 42. a5 f5 43. b4 Ke4 44. Re1+ Kf3 45. Kd2 f4 46. a6 Kg2
47. b5 f3 48. a7 f2 49. b6 fxe1=Q+ 50. Kxe1 Ra8 51. Kd2 g5 52. b7 Rxa7 53. b8=Q
Ra4 54. Kxd3 Rf4 55. Qb2+ Kh3 56. Ke3 h5 57. Qe2 Rg4 58. Kf3 Rf4+ 59. Ke3 Rg4
60. Kd3 Rh4 61. Qf2 Rg4 62. Ke3 Rg2 63. Qf3+ Kxh2 64. Qxh5+ Kg1 65. Qh3 g4 66.
Qh4 Kf1 67. Kf4 Ke2 68. Qh1 Kf2 69. Qd1 g3 70. Qd4+ Ke2 71. Qe3+ Kf1 72. Kf3
Rh2 73. Qc1# 1-0

[Event "14. Open de la Constitución 2013"]
[Site "San Sebastian de los Reyes ES"]
[Date "2013.12.03"]
[Round "4.16"]
[White "Largo Barbero, Benito"]
[Black "Martinez Miura, Enrique"]
[Result "1-0"]
[WhiteElo "1920"]
[BlackElo "1693"]
[PlyCount "77"]
[EventDate "2013.11.30"]
[EventType "swiss"]
[EventRounds "9"]
[EventCountry "ESP"]
[Source "lmi"]
[SourceDate "2013.11.30"]

1. f4 d5 2. Nf3 Nf6 3. d3 Bf5 4. g3 h6 5. Bg2 e6 6. O-O Bc5+ 7. e3 O-O 8. a3 a5
9. Qe1 Nbd7 10. Nc3 Re8 11. h3 Bg6 12. Ne2 e5 13. fxe5 Nh7 14. d4 Bf8 15. Nh4
Be4 16. Bxe4 dxe4 17. c4 c5 18. Bd2 cxd4 19. exd4 Ng5 20. Bxg5 hxg5 21. Nf5 g6
22. Ne3 Nb6 23. Qf2 Re7 24. b3 Qd7 25. Ng4 Bg7 26. Nc3 Rf8 27. Nxe4 Kh8 28. Qe3
a4 29. Rad1 axb3 30. Qxg5 f5 31. Qh4+ Kg8 32. Ngf6+ Bxf6 33. Nxf6+ Rxf6 34.
Qxf6 Nxc4 35. Qxg6+ Rg7 36. Qxf5 Rxg3+ 37. Kh2 Qg7 38. Qe6+ Kh8 39. Qe8+ 1-0

[Event "14. Open de la Constitución 2013"]
[Site "San Sebastian de los Reyes ES"]
[Date "2013.12.03"]
[Round "4.17"]
[White "Montiel Miguelez, Manuel"]
[Black "Brasa Olmos, Joaquin"]
[Result "1-0"]
[WhiteElo "1906"]
[BlackElo "1551"]
[PlyCount "85"]
[EventDate "2013.11.30"]
[EventType "swiss"]
[EventRounds "9"]
[EventCountry "ESP"]
[Source "lmi"]
[SourceDate "2013.11.30"]

1. e4 d6 2. d4 e5 3. dxe5 dxe5 4. Qxd8+ Kxd8 5. Bc4 Be6 6. Bxe6 fxe6 7. Nf3 Bd6
8. Bg5+ Nf6 9. Nbd2 Nbd7 10. O-O-O Ke7 11. h3 h6 12. Bh4 a6 13. Bg3 b5 14. Rhe1
Rhb8 15. Re3 a5 16. Bh2 a4 17. g4 g5 18. Rg1 Rh8 19. h4 Rag8 20. h5 Ra8 21. Ne1
b4 22. Nc4 b3 23. a3 bxc2 24. Nd3 Rhb8 25. Bxe5 Nxe5 26. Ncxe5 Rb3 27. Nc6+ Ke8
28. Nd4 Bf4 29. Nxf4 Rxe3 30. fxe3 gxf4 31. exf4 Nxe4 32. Nxe6 Kd7 33. f5 Rb8
34. Kxc2 Rb3 35. Re1 Rh3 36. Rxe4 Rh2+ 37. Kb1 Kd6 38. Rxa4 Rh4 39. Rc4 c6 40.
a4 Rh3 41. Ka2 Rd3 42. Rd4+ Rxd4 43. Nxd4 1-0

[Event "14. Open de la Constitución 2013"]
[Site "San Sebastian de los Reyes ES"]
[Date "2013.12.03"]
[Round "4.18"]
[White "Sanchez Ortega, Ruben"]
[Black "Perez Del Amo, Jorge"]
[Result "0-1"]
[WhiteElo "1558"]
[BlackElo "1847"]
[PlyCount "70"]
[EventDate "2013.11.30"]
[EventType "swiss"]
[EventRounds "9"]
[EventCountry "ESP"]
[Source "lmi"]
[SourceDate "2013.11.30"]

1. d4 Nf6 2. Bg5 e6 3. e4 d6 4. Nc3 Be7 5. Nf3 O-O 6. Bd3 c5 7. dxc5 dxc5 8.
Qd2 Nc6 9. O-O-O e5 10. Bb5 Qc7 11. Bxf6 Bxf6 12. Nd5 Qd8 13. Bxc6 bxc6 14.
Nxf6+ Qxf6 15. Qd6 Qf4+ 16. Kb1 Qxe4 17. Qxe5 Qb4 18. Qc7 Rb8 19. b3 Bb7 20.
Rd7 c4 21. Rxf7 Rxf7 22. Qxb8+ Rf8 23. Qxa7 Ra8 24. Qd4 Qa3 25. Qb2 Qc5 26.
bxc4 Ba6 27. Qd4 Qa3 28. Ka1 Qa4 29. Qb2 Bxc4 30. Nd2 Bxa2 31. f3 Bb3+ 32. Kb1
Bxc2+ 33. Kc1 Qa1+ 34. Nb1 Bxb1 35. Qxb1 Qc3+ 0-1

[Event "14. Open de la Constitución 2013"]
[Site "San Sebastian de los Reyes ES"]
[Date "2013.12.03"]
[Round "4.19"]
[White "Igea Benito, Angel"]
[Black "Minguela Muñoz, Bienvenido"]
[Result "1/2-1/2"]
[WhiteElo "1583"]
[BlackElo "1817"]
[PlyCount "99"]
[EventDate "2013.11.30"]
[EventType "swiss"]
[EventRounds "9"]
[EventCountry "ESP"]
[Source "lmi"]
[SourceDate "2013.11.30"]

1. c4 Nf6 2. Nf3 e6 3. Nc3 b6 4. g3 Bb7 5. Bg2 d5 6. cxd5 exd5 7. d4 Be7 8. O-O
O-O 9. a3 Nbd7 10. Re1 c5 11. e3 a6 12. Nh4 Re8 13. dxc5 Nxc5 14. Nf5 Bf8 15.
Nd4 Nce4 16. Nxe4 dxe4 17. b4 Rc8 18. Bb2 Qd7 19. Bf1 Rc7 20. Qd2 h5 21. Rec1
Rec8 22. Rxc7 Rxc7 23. Rc1 Be7 24. Rxc7 Qxc7 25. Nf5 Bd8 26. Qd1 g6 27. Nd4 Ng4
28. Ne2 Bg5 29. h3 Ne5 30. Bxe5 Qxe5 31. Qd7 Qe7 32. Qxe7 Bxe7 33. Nd4 a5 34.
bxa5 bxa5 35. a4 Bd5 36. Bb5 f5 37. Bc6 Bxc6 38. Nxc6 Bb4 39. Kf1 Kf7 40. Nxb4
axb4 41. Ke1 Ke6 42. Kd2 Kd5 43. Kc2 Kc4 44. Kb2 g5 45. h4 g4 46. Kc2 b3+ 47.
Kb2 Kb4 48. a5 Kxa5 49. Kxb3 Kb5 50. Kc3 1/2-1/2